<?xml version="1.0" encoding="UTF-8"?>
<collection xmlns="http://www.loc.gov/MARC21/slim">
 <record>
  <leader>02406nam a22003017a 4500</leader>
  <controlfield tag="001">NCT_29184</controlfield>
  <controlfield tag="008">180413b        xxu||||| |||| 00| 0 vie d</controlfield>
  <datafield tag="999" ind1=" " ind2=" ">
   <subfield code="c">1403</subfield>
   <subfield code="d">1403</subfield>
  </datafield>
  <datafield tag="020" ind1=" " ind2=" ">
   <subfield code="c">70000</subfield>
  </datafield>
  <datafield tag="082" ind1="0" ind2="4">
   <subfield code="2">23rd ed.</subfield>
   <subfield code="a">618.92</subfield>
   <subfield code="b">Đ250</subfield>
  </datafield>
  <datafield tag="100" ind1="1" ind2=" ">
   <subfield code="a">Đinh Ngọc Đệ</subfield>
   <subfield code="e">Chủ biên</subfield>
  </datafield>
  <datafield tag="245" ind1="1" ind2=" ">
   <subfield code="a">Chăm sóc sức khỏe trẻ em</subfield>
   <subfield code="b">: Dùng cho đào tạo cử nhân ngành Điều dưỡng</subfield>
   <subfield code="c">Đinh Ngọc Đệ. Nguyễn Thị Lan Anh, Nguyễn Kim Hà, Phan Thị Minh Hạnh</subfield>
  </datafield>
  <datafield tag="250" ind1=" " ind2=" ">
   <subfield code="a">Tái bản lần thứ nhất</subfield>
  </datafield>
  <datafield tag="260" ind1=" " ind2=" ">
   <subfield code="a">H.</subfield>
   <subfield code="b">Giáo dục Việt Nam</subfield>
   <subfield code="c">2015</subfield>
  </datafield>
  <datafield tag="300" ind1=" " ind2=" ">
   <subfield code="a">267tr.</subfield>
   <subfield code="b">biểu đồ, minh họa</subfield>
   <subfield code="c">27cm</subfield>
  </datafield>
  <datafield tag="520" ind1=" " ind2=" ">
   <subfield code="a">Chăm sóc sức khỏe trẻ em gồm 30 bài về Nhi khoa cơ sở và chăm sóc trẻ em bị các bệnh thường gặp. Đây là tài liệu dạy - học cho sinh viên đại học điều dưỡng và là tài liệu tham khảo cho các cán bộ y tế quan tâm đến lĩnh vực chăm sóc sức khỏe trẻ em. Kèm theo cuốn sách Chăm sóc sức khỏe trẻ em, các tác giả biên soạn Câu hỏi lượng giá chăm sóc sức khỏe trẻ em thành một cuốn sách riêng. </subfield>
  </datafield>
  <datafield tag="653" ind1=" " ind2=" ">
   <subfield code="a">Y đa khoa</subfield>
  </datafield>
  <datafield tag="700" ind1="1" ind2=" ">
   <subfield code="a">Nguyễn Thị Lan Anh</subfield>
  </datafield>
  <datafield tag="700" ind1="1" ind2=" ">
   <subfield code="a">Nguyễn Kim Hà</subfield>
  </datafield>
  <datafield tag="700" ind1="1" ind2=" ">
   <subfield code="a">Phan Thị Minh Hạnh</subfield>
  </datafield>
  <datafield tag="942" ind1=" " ind2=" ">
   <subfield code="2">ddc</subfield>
   <subfield code="c">BK</subfield>
  </datafield>
  <datafield tag="952" ind1=" " ind2=" ">
   <subfield code="0">0</subfield>
   <subfield code="1">0</subfield>
   <subfield code="2">ddc</subfield>
   <subfield code="4">0</subfield>
   <subfield code="6">618_920000000000000_Đ250</subfield>
   <subfield code="7">0</subfield>
   <subfield code="9">6848</subfield>
   <subfield code="a">000001</subfield>
   <subfield code="b">000001</subfield>
   <subfield code="d">2018-04-13</subfield>
   <subfield code="o">618.92 Đ250</subfield>
   <subfield code="p">MD.11112</subfield>
   <subfield code="r">2018-04-13</subfield>
   <subfield code="v">70000.00</subfield>
   <subfield code="w">2018-04-13</subfield>
   <subfield code="y">BK</subfield>
  </datafield>
  <datafield tag="952" ind1=" " ind2=" ">
   <subfield code="0">0</subfield>
   <subfield code="1">0</subfield>
   <subfield code="2">ddc</subfield>
   <subfield code="4">0</subfield>
   <subfield code="6">618_920000000000000_Đ250</subfield>
   <subfield code="7">0</subfield>
   <subfield code="9">12549</subfield>
   <subfield code="a">000001</subfield>
   <subfield code="b">000001</subfield>
   <subfield code="d">2018-07-12</subfield>
   <subfield code="o">618.92 Đ250</subfield>
   <subfield code="p">MD.12587</subfield>
   <subfield code="r">2018-07-12</subfield>
   <subfield code="v">70000.00</subfield>
   <subfield code="w">2018-07-12</subfield>
   <subfield code="y">BK</subfield>
  </datafield>
  <datafield tag="952" ind1=" " ind2=" ">
   <subfield code="0">0</subfield>
   <subfield code="1">0</subfield>
   <subfield code="2">ddc</subfield>
   <subfield code="4">0</subfield>
   <subfield code="6">618_920000000000000_Đ250</subfield>
   <subfield code="7">0</subfield>
   <subfield code="9">12550</subfield>
   <subfield code="a">000001</subfield>
   <subfield code="b">000001</subfield>
   <subfield code="d">2018-07-12</subfield>
   <subfield code="o">618.92 Đ250</subfield>
   <subfield code="p">MD.12588</subfield>
   <subfield code="r">2018-07-12</subfield>
   <subfield code="v">70000.00</subfield>
   <subfield code="w">2018-07-12</subfield>
   <subfield code="y">BK</subfield>
  </datafield>
  <datafield tag="952" ind1=" " ind2=" ">
   <subfield code="0">0</subfield>
   <subfield code="1">0</subfield>
   <subfield code="2">ddc</subfield>
   <subfield code="4">0</subfield>
   <subfield code="6">618_920000000000000_Đ250</subfield>
   <subfield code="7">0</subfield>
   <subfield code="9">12551</subfield>
   <subfield code="a">000001</subfield>
   <subfield code="b">000001</subfield>
   <subfield code="d">2018-07-12</subfield>
   <subfield code="o">618.92 Đ250</subfield>
   <subfield code="p">MD.12589</subfield>
   <subfield code="r">2018-07-12</subfield>
   <subfield code="v">70000.00</subfield>
   <subfield code="w">2018-07-12</subfield>
   <subfield code="y">BK</subfield>
  </datafield>
  <datafield tag="952" ind1=" " ind2=" ">
   <subfield code="0">0</subfield>
   <subfield code="1">0</subfield>
   <subfield code="2">ddc</subfield>
   <subfield code="4">0</subfield>
   <subfield code="6">618_920000000000000_Đ250</subfield>
   <subfield code="7">0</subfield>
   <subfield code="9">12552</subfield>
   <subfield code="a">000001</subfield>
   <subfield code="b">000001</subfield>
   <subfield code="d">2018-07-12</subfield>
   <subfield code="o">618.92 Đ250</subfield>
   <subfield code="p">MD.12590</subfield>
   <subfield code="r">2018-07-12</subfield>
   <subfield code="v">70000.00</subfield>
   <subfield code="w">2018-07-12</subfield>
   <subfield code="y">BK</subfield>
  </datafield>
  <datafield tag="952" ind1=" " ind2=" ">
   <subfield code="0">0</subfield>
   <subfield code="1">0</subfield>
   <subfield code="2">ddc</subfield>
   <subfield code="4">0</subfield>
   <subfield code="6">618_920000000000000_Đ250</subfield>
   <subfield code="7">0</subfield>
   <subfield code="9">12553</subfield>
   <subfield code="a">000001</subfield>
   <subfield code="b">000001</subfield>
   <subfield code="d">2018-07-12</subfield>
   <subfield code="o">618.92 Đ250</subfield>
   <subfield code="p">MD.12586</subfield>
   <subfield code="r">2018-07-12</subfield>
   <subfield code="v">70000.00</subfield>
   <subfield code="w">2018-07-12</subfield>
   <subfield code="y">BK</subfield>
  </datafield>
  <datafield tag="980" ind1=" " ind2=" ">
   <subfield code="a">Thư viện Trường Đại học Nam Cần Thơ</subfield>
  </datafield>
 </record>
</collection>
